00408 2200157 4500001002100000008004100021035002000062245003600082100001300118260003800131300002000169082001400189650002100203990001300224990001300237INLIS000000000000357 ind  a0010-0322000357 aBUDAYA DAYAK YANG KUKENALcIKHA aFIDELARA aJAKARTAbARMANDELTA SELARASc2015 a76 hlm.c25 cm. a572.598 4 aETNOLOGI - DAYAK a102528-1 a102528-2